All Municipalities of Baranya County, Hungary on a Map - Statistics

General Stats
  • This quiz has been taken 506 times
  • The average score is 66 of 301
Answers on the Map
Answers color-coded by a green-red scale on the quiz's map according to % correct below.
 
Answer Stats
Answer % Correct
Pécs
100%
Komló
94%
Mohács
94%
Pécsvárad
92%
Szigetvár
92%
Siklós
90%
Harkány
86%
Orfű
80%
Villány
80%
Bóly
76%
Kozármisleny
76%
Szentlőrinc
76%
Sásd
68%
Abaliget
64%
Sellye
64%
Bár
58%
Hosszúhetény
54%
Mánfa
52%
Cserkút
50%
Mecseknádasd
50%
Nagykozár
50%
Pogány
50%
Beremend
48%
Hidas
48%
Lánycsók
48%
Magyarhertelend
48%
Kölked
46%
Mágocs
46%
Nagyharsány
46%
Szászvár
46%
Bükkösd
44%
Drávaszabolcs
44%
Dunaszekcső
44%
Pécsudvard
44%
Alsószentmárton
42%
Homorúd
42%
Kisharsány
42%
Kővágószőlős
42%
Szajk
42%
Ág
40%
Erzsébet
40%
Hetvehely
40%
Palotabozsok
40%
Alsómocsolád
38%
Áta
38%
Bikal
38%
Felsőszentmárton
38%
Magyarbóly
38%
Ófalu
38%
Palkonya
38%
Szőke
38%
Udvar
38%
Villánykövesd
38%
Zengővárkony
38%
Bogád
36%
Helesfa
36%
Kővágótöttös
36%
Lovászhetény
36%
Óbánya
36%
Szentlászló
36%
Szőkéd
36%
Túrony
36%
Vajszló
36%
Véménd
36%
Baranyajenő
34%
Bicsérd
34%
Cserdi
34%
Drávafok
34%
Drávasztára
34%
Ibafa
34%
Magyarszék
34%
Márok
34%
Mindszentgodisa
34%
Nagypall
34%
Nagytótfalu
34%
Oroszló
34%
Sátorhely
34%
Szederkény
34%
Versend
34%
Csertő
32%
Kétújfalu
32%
Kiskassa
32%
Kislippó
32%
Lippó
32%
Máza
32%
Mecsekpölöske
32%
Pellérd
32%
Újpetre
32%
Vásárosdombó
32%
Almamellék
30%
Belvárdgyula
30%
Gödre
30%
Kisnyárád
30%
Kistótfalu
30%
Liptód
30%
Nagynyárád
30%
Nemeske
30%
Olasz
30%
Pécsdevecser
30%
Szentkatalin
30%
Boda
28%
Erdősmárok
28%
Királyegyháza
28%
Old
28%
Szörény
28%
Teklafalu
28%
Varga
28%
Apátvarasd
26%
Birján
26%
Bodolyabér
26%
Csányoszró
26%
Ivándárda
26%
Kárász
26%
Kökény
26%
Borjád
24%
Feked
24%
Kistapolca
24%
Palé
24%
Sárok
24%
Szalatnak
24%
Szulimán
24%
Vokány
24%
Zádor
24%
Bakonya
22%
Drávaiványi
22%
Erdősmecske
22%
Felsőegerszeg
22%
Görcsöny
22%
Ivánbattyán
22%
Kémes
22%
Kishajmás
22%
Molvány
22%
Siklósnagyfalu
22%
Somberek
22%
Sumony
22%
Adorjás
20%
Baranyaszentgyörgy
20%
Ellend
20%
Kákics
20%
Keszü
20%
Kisdobsza
20%
Kórós
20%
Nagycsány
20%
Nagydobsza
20%
Okorág
20%
Sósvertike
20%
Babarc
18%
Bogádmindszent
18%
Bogdása
18%
Botykapeterd
18%
Drávapiski
18%
Drávaszerdahely
18%
Egerág
18%
Gyöngyösmellék
18%
Illocska
18%
Nagypeterd
18%
Ózdfalu
18%
Pécsbagota
18%
Szalánta
18%
Szentegát
18%
Várad
18%
Fazekasboda
16%
Himesháza
16%
Liget
16%
Szilágy
16%
Szűr
16%
Töttös
16%
Baksa
14%
Cún
14%
Drávapalkonya
14%
Geresdlak
14%
Magyaregregy
14%
Máriakéménd
14%
Nagyhajmás
14%
Szilvás
14%
Berkesd
12%
Boldogasszonyfa
12%
Diósviszló
12%
Drávakeresztúr
12%
Gyód
12%
Hirics
12%
Kacsóta
12%
Kékesd
12%
Köblény
12%
Kovácsszénája
12%
Lothárd
12%
Majs
12%
Martonfa
12%
Monyoród
12%
Nyugotszenterzsébet
12%
Pereked
12%
Pettend
12%
Romonya
12%
Szabadszentkirály
12%
Szentdénes
12%
Vejti
12%
Zaláta
12%
Egyházaskozár
10%
Görcsönydoboka
10%
Hásságy
10%
Horváthertelend
10%
Kistamási
10%
Magyarsarlós
10%
Maráza
10%
Marócsa
10%
Matty
10%
Patapoklosi
10%
Peterd
10%
Szebény
10%
Székelyszabar
10%
Bisse
8%
Kisherend
8%
Kisszentmárton
8%
Kovácshida
8%
Ócsárd
8%
Rózsafa
8%
Szellő
8%
Bakóca
6%
Lapáncsa
6%
Mozsgó
6%
Szemely
6%
Almáskeresztúr
4%
Aranyosgadány
4%
Bezedek
4%
Bürüs
4%
Csebény
4%
Csonkamindszent
4%
Dinnyeberki
4%
Drávacsehi
4%
Drávacsepely
4%
Gilvánfa
4%
Gordisa
4%
Gyöngyfa
4%
Hobol
4%
Kásád
4%
Kátoly
4%
Kisasszonyfa
4%
Kisvaszar
4%
Magyarmecske
4%
Piskó
4%
Pócsa
4%
Szágy
4%
Tófű
4%
Babarcszőlős
2%
Endrőc
2%
Garé
2%
Gerde
2%
Gerényes
2%
Hegyhátmaróc
2%
Hegyszentmárton
2%
Kemse
2%
Kisbeszterce
2%
Kisbudmér
2%
Kisjakabfalva
2%
Magyarlukafa
2%
Magyartelek
2%
Márfa
2%
Mekényes
2%
Merenye
2%
Meződ
2%
Nagybudmér
2%
Nagyváty
2%
Páprád
2%
Regenye
2%
Szaporca
2%
Szárász
2%
Szava
2%
Tarrós
2%
Tékes
2%
Tésenfa
2%
Téseny
2%
Tormás
2%
Tótszentgyörgy
2%
Vázsnok
2%
Vékény
2%
Zók
2%
Bánfa
0%
Baranyahídvég
0%
Basal
0%
Besence
0%
Bosta
0%
Csarnóta
0%
Dencsháza
0%
Egyházasharaszti
0%
Husztót
0%
Ipacsfa
0%
Katádfa
0%
Kisdér
0%
Lúzsok
0%
Markóc
0%
Okorvölgy
0%
Rádfalva
0%
Sámod
0%
Siklósbodony
0%
Somogyapáti
0%
Somogyhárságy
0%
Somogyhatvan
0%
Somogyviszló
0%
Tengeri
0%
Vásárosbéc
0%
Velény
0%
No matching quizzes found
Score Distribution
Percent of People with Each Score
Percentile by Number Answered
Your Score History
You have not taken this quiz